Evaluación escolar y coparticipación educativa: responsabilidad social y democrática. Padres, madres, maestros, maestras, alumnas y alumnos, sociedad: la complejidad de la vida escolar
Spremljeno u:
| Glavni autor: | |
|---|---|
| Format: | Knjiga |
| Jezik: | španjolski |
| Izdano: |
Valencia
Nau Llibres
2000
|
| Serija: | Colección Edad y Sociedad, 3
|
| Teme: | |
| Oznake: |
Dodaj oznaku
Bez oznaka, Budi prvi tko označuje ovaj zapis!
|
MARC
| LEADER | 00000nam a2200000 a 4500 | ||
|---|---|---|---|
| 001 | UCM2948 | ||
| 003 | CL-VaPUC | ||
| 008 | 020621e20000000SP |||||||||||||||||spa|d | ||
| 082 | 0 | 4 | |a 371.26 |b ZUF |2 21 |
| 100 | 0 | |a Zufiaurre Goikoetxea, Benjamín |e author |9 469717 | |
| 245 | 1 | 0 | |a Evaluación escolar y coparticipación educativa: responsabilidad social y democrática. Padres, madres, maestros, maestras, alumnas y alumnos, sociedad: la complejidad de la vida escolar |
| 300 | |a 199 p | ||
| 942 | |c BK | ||
| 945 | |d 20020621 00:00:00 |a cmena | ||
| 260 | |a Valencia |b Nau Llibres |c 2000 | ||
| 650 | 0 | |a Evaluación de la educación |9 237505 | |
| 650 | 7 | |a CENTROS EDUCACIONALES |2 CL-VaPUC |9 469718 | |
| 650 | 0 | |a Calidad de la educación |9 307271 | |
| 583 | |a last modification |c 20020621 00:00:00 |k Rodrigo Vera | ||
| 490 | 0 | |a Colección Edad y Sociedad, 3 | |
| 999 | |c 300558 |d 300556 | ||
| 952 | |0 0 |1 0 |4 0 |6 371_260000000000000_ZUF_2000 |7 0 |8 A |9 358481 |a BIBEDU |b BIBEDU |d 2019-11-21 |i 3820734 |l 1 |o 371.26 ZUF 2000 |p 3820734 |r 2021-12-06 |s 2021-11-04 |w 2019-11-21 |y BK |k EPE | ||